000
00318nam a2200133Ia 4500
005
20260328104308.0
008
260328s9999||||xx |||||||||||||| ||und||
100
_a
Pizzinini, Regina
245
0
_a
House Design /
_c
Regina Pizzinini
260
_b
Pimagenes
300
_a
80 p.
650
_a
DISEÑADORES
942
_c
BK
999
_c
10835
_d
10835